12 wanita tauladan dunia dan akhirat

Bibliographic Details
Main Author: Muhammad Ali Quthub
Format: Book
Published: Kota Bharu : Jais Kelantan , 1984
Subjects:

MARC

LEADER 00000cam a2200000 7i4500
001 0000004407
005 19991213.0
040 |a INS 
090 0 0 |a 297.1978344   |b QUT 
100 0 |a Muhammad Ali Quthub 
245 0 0 |a 12 wanita tauladan dunia dan akhirat   |c Muhammad Ali Quthub 
260 |a Kota Bharu :   |b Jais Kelantan ,   |c 1984 
300 |a 168p. 
650 0 0 |a Women in Islam 
650 0 0 |a Women, muslim   |x Conduct of life 
999 |a 0000006364   |b BOOK   |c Open Shelf   |e Default branch